| 000 | 00427nam a2200133Ia 4500 | ||
|---|---|---|---|
| 008 | 150121s9999 xx 000 0 und d | ||
| 245 |
_aFatima University Research Journal / _h[electronic resource] |
||
| 260 |
_bOur Lady of Fatima University, _c2013. |
||
| 516 | _aElectronic text | ||
| 650 | _aMultidisciplinary. | ||
| 830 | _aPhilippine E-Journals | ||
| 856 | _uhttp://www.ejournals.ph/index.php?journal=FURJ | ||
| 942 | _cEJ | ||
| 999 |
_c277015 _d277015 |
||